| 000 | 01244nam a2200349 i 4500 | ||
|---|---|---|---|
| 003 | EG-ScBUE | ||
| 005 | 20240916133543.0 | ||
| 008 | 150209t2014 enkak f b 001 0 eng d | ||
| 020 | _a9781292039053 | ||
| 040 |
_aEG-ScBUE _beng _erda _cEG-ScBUE _dEG-ScBUE |
||
| 082 | 0 | 4 |
_222 _a511.35 _bHOP |
| 100 | 1 |
_aHopcroft, John E., _d1939- _eauthor. _917984 |
|
| 245 | 1 | 0 |
_aIntroduction to automata theory, languages, and computation / _cHopcroft, Motwan, Ullman. |
| 250 | _aThird edition. | ||
| 250 | _aPearson new international edition. | ||
| 264 | 1 |
_aHarlow, United Kingdom : _bPearson Education Limited, _c[2014] |
|
| 264 | 4 | _cc2014 | |
| 300 |
_aii, 488 pages : _bforms, tables ; _c28 cm. |
||
| 336 |
_2rdacontent _atext _btxt |
||
| 337 |
_aunmediated _2rdamedia _bn |
||
| 338 |
_avolume _bnc _2rdacarrier |
||
| 490 | 0 | _aAlways learning | |
| 504 | _aIncludes bibliographical references and index. | ||
| 650 | 7 |
_93450 _aMachine theory. _2BUEsh |
|
| 650 | 7 |
_911175 _aComputational complexity. _2BUEsh |
|
| 650 | 7 |
_93451 _aFormal languages. _2BUEsh |
|
| 653 |
_bCOMSCI _cFebruary2015 |
||
| 655 |
_vReading book _934232 |
||
| 700 | 1 |
_aMotwani, Rajeev, _eauthor. _937352 |
|
| 700 | 1 |
_937022 _aUllman, Jeffrey D., _d1942- _eauthor. |
|
| 942 |
_2ddc _cBB |
||
| 999 |
_c18946 _d18918 |
||